MARC

Tag First Indicator Second Indicator Subfields
LEADER 00000cam a2200000 i 4500
001 in00005743521
005 20260326175531.8
006 m o d
007 cr bn||||||ada
008 100628s1977 nyua ob 101 0 eng d
040 |a OCLCE  |b eng  |e rda  |e pn  |c OCLCE  |d OPELS  |d UIU  |d OCLCQ  |d OCLCF  |d UIU  |d OCLCO  |d OCL  |d OCLCO  |d OCLCQ  |d UPM  |d LEAUB  |d UAB  |d OCLCQ  |d OCLCO  |d COM  |d OCLCO  |d OCLCQ  |d OCLCO  |d OCLCL  |d OCLCO  |d GZM  |d OCLCQ 
019 |a 300526202  |a 1038450628  |a 1153515942  |a 1465440144 
020 |z 0124421016  |q (v. 1) 
020 |z 9780124421011  |q (v. 1) 
020 |z 0124421024  |q (v. 2) 
020 |z 9780124421028  |q (v. 2) 
035 |a (OCoLC)644579049  |z (OCoLC)300526202  |z (OCoLC)1038450628  |z (OCoLC)1153515942  |z (OCoLC)1465440144 
042 |a dlr 
050 4 |a QD506.A1  |b S95 1976 
055 4 |a QD506A1  |b S95 1976 
070 1 |a QD506.A1S95 1976 
082 0 4 |a 541/.3453 
049 |a TXAM 
111 2 |a Symposium on Advances in Characterization of Metal and Polymer Surfaces  |d (1976 :  |c New York, N.Y.) 
245 1 0 |a Characterization of metal and polymer surfaces /  |c edited by Lieng-Huang Lee. 
264 1 |a New York :  |b Academic Press,  |c 1977. 
300 |a 1 online resource (2 volumes) :  |b illustrations 
336 |a text  |b txt  |2 rdacontent 
337 |a computer  |b c  |2 rdamedia 
338 |a online resource  |b cr  |2 rdacarrier 
490 0 |a Academic Press rapid manuscript reproductions 
504 |a Includes bibliographical references and indexes. 
505 0 |a v. 1. Metal surfaces.--v. 2. Polymer surfaces. 
538 |a Master and use copy. Digital master created according to Benchmark for Faithful Digital Reproductions of Monographs and Serials, Version 1. Digital Library Federation, December 2002.  |u http://purl.oclc.org/DLF/benchrepro0212  |5 MiAaHDL 
583 1 |a digitized  |c 2010  |h HathiTrust Digital Library  |l committed to preserve  |2 pda  |5 MiAaHDL 
588 0 |a Print version record. 
650 0 |a Metals  |x Surfaces  |v Congresses. 
650 0 |a Polymers  |x Surfaces  |v Congresses. 
650 0 |a Spectrum analysis  |v Congresses. 
650 0 |a Metals  |x Surfaces  |x Congresses. 
650 6 |a Métaux  |x Surfaces  |x Congrès. 
650 6 |a Surfaces de polymères  |x Congrès. 
650 6 |a Analyse spectrale  |v Congrès. 
650 6 |a Métaux  |x Surfaces  |v Congrès. 
650 6 |a Polymères  |x Surfaces  |v Congrès. 
650 7 |a Metals  |x Surfaces  |2 fast 
650 7 |a Polymers  |x Surfaces  |2 fast 
650 7 |a Spectrum analysis  |2 fast 
650 7 |a Surface chemistry  |v Congresses.  |2 nli 
650 7 |a Metals  |x Surfaces  |v Congresses.  |2 nli 
655 7 |a Electronic books.  |2 local 
655 2 |a Congress 
655 7 |a proceedings (reports)  |2 aat 
655 7 |a Conference papers and proceedings  |2 fast 
655 7 |a Conference papers and proceedings.  |2 lcgft 
655 7 |a Actes de congrès.  |2 rvmgf 
700 1 |a Lee, Lieng-Huang,  |d 1924-  |1 https://id.oclc.org/worldcat/entity/E39PCjFxqdyxgbbkxwPyYWDm8d 
710 2 |a ScienceDirect (Online service) 
710 2 |a American Chemical Society.  |b Division of Organic Coatings and Plastics Chemistry.  |1 https://id.oclc.org/worldcat/entity/E39QQPVp7MpFQW844QFhHFqQY6 
710 2 |a American Chemical Society.  |b Division of Analytical Chemistry.  |1 https://id.oclc.org/worldcat/entity/E39QQPVp7TKb8MPfrVFkFPvxvR 
710 2 |a American Chemical Society.  |b Cellulose, Paper, and Textile Division.  |1 https://id.oclc.org/worldcat/entity/E39QQPVp7PVrWKpgbCdf8Q77B6 
758 |i has work:  |a Characterization of metal and polymer surfaces Metal surfaces Vol. 1 (Text)  |1 https://id.oclc.org/worldcat/entity/E39PCGVCYhH8VT3dXx6D4F9VqP  |4 https://id.oclc.org/worldcat/ontology/hasWork 
776 0 8 |i Print version:  |w (DLC) 77002255  |w (OCoLC)3009184 
776 1 |c Original  |w (DLC) 77002255  |w (OCoLC)3009184 
856 4 0 |u http://proxy.library.tamu.edu/login?url=https://www.sciencedirect.com/science/book/9780124421011  |z Connect to the full text of this electronic book  |t 0 
955 |a Elsevier ScienceDirect 2026-2027 
994 |a 92  |b TXA 
999 f f |i 909d32cc-f5a5-499c-8560-6b3d535b473b  |s 5bd47597-983f-4d8c-8f06-21b422aa218a  |t 0 
952 f f |a Texas A&M University  |b College Station  |c Electronic Resources  |s www_evans  |d Available Online  |t 0  |e QD506.A1 S95 1976  |h Library of Congress classification 
998 f f |a QD506.A1 S95 1976  |t 0  |l Available Online